Zaznacz tylko jedzenie i picie halal - Statystyki

Ogólne statystyki
  • Ten quiz został rozwiązany 22 razy
  • Średni wynik to 5 z 12
Answers on the Grid
Answers color-coded by a green-red scale on the quiz's grid according to % correct below.
gęś
gołąb
indyk
jeleń
kaczka
karp
kaszanka
koza
królik
kurczak
lew
osioł
owca
perliczka
piwo
świnia
wielbłąd
wino
wódka
 
Statystyki odpowiedzi
Odpowiedź % Poprawnych
indyk
88%
gęś
69%
kaczka
56%
karp
50%
jeleń
44%
koza
44%
kurczak
44%
królik
38%
gołąb
31%
owca
31%
perliczka
25%
wielbłąd
19%
Nie znaleziono quizów pasujących do podanych kryteriów
Rozkład punktacji
Procent ludzi z każdym wynikiem
Percentyl według liczby udzielonych odpowiedzi
Twoja historia wyników
Nie rozwiązałeś tego quizu